Protivorečija učenija Karla Marxa.

Marxovo dielo je poznačené nezjednotenými materialistickými a idealistickými východiskami. V chápaní histórie bol materialista, vyznavač evolučného vývoja, súčasne však v chápaní života a vývoja je mnoho z nemeckého transcendentálneho idealizmu. Idea podnetu "ja" protirečí idei samočinného rozvoja s...

Ausführliche Beschreibung

Gespeichert in:
Bibliographische Detailangaben
1. Verfasser: Cipko, A.
Format: Buchkapitel
Sprache:Russisch
Schlagworte:
Tags: Tag hinzufügen
Keine Tags, Fügen Sie das erste Tag hinzu!

MARC

LEADER 00000naa a2200000 4500
001 r003802
005 20221130102946.4
041 0 |a rus 
044 |a [SU] 
245 1 0 |a Protivorečija učenija Karla Marxa.  |c A. Cipko 
520 |a Marxovo dielo je poznačené nezjednotenými materialistickými a idealistickými východiskami. V chápaní histórie bol materialista, vyznavač evolučného vývoja, súčasne však v chápaní života a vývoja je mnoho z nemeckého transcendentálneho idealizmu. Idea podnetu "ja" protirečí idei samočinného rozvoja spoločenských foriem. Princíp prirodzeného rozvoja je nezlučiteľný s ideou urýchlenia histórie (násilná revolúcia). 
610 2 0 |a marxizmus 
610 2 0 |a materializmus historický 
610 2 0 |a revolúcia 
610 2 0 |a vývoj spoločenský 
610 2 0 |a Marx, K. 
100 1 |a Cipko, A.